| 000 | 00756 a2200253 4500 | ||
|---|---|---|---|
| 020 | _a0070527121 | ||
| 040 |
_aDLC _bDLC |
||
| 082 | 0 | 0 | _a519.5 |
| 100 | 1 | _aSpiegel, Murray R. | |
| 245 | 1 | 0 |
_aSchaum's outlines: Theory and problems of statistics _cMurray R. Spiegel |
| 246 | 3 | 0 | _aStatistics |
| 250 | _a3rd. ed. | ||
| 260 |
_aIslamabad: _bNational Book Foundation, _cc2000. |
||
| 300 |
_av, 138 p. : _bill. ; _c22 cm. |
||
| 490 | 0 | _aSchaum's outline series | |
| 500 | _aIncludes index. | ||
| 650 | 0 | _aMathematical statistics | |
| 650 | 0 | _aMathematical statistics | |
| 700 | 1 | _aStephens, Larry J. | |
| 856 | 4 | 2 | _3Publisher description |
| 856 | 4 | 2 | _3Table of contents |
| 856 | 4 | 2 | _3Contributor biographical information |
| 942 |
_cBK _k519.5 SPI _2ddc |
||
| 999 |
_c7717 _d7717 |
||